Trial of Mary Queen of Scots / (Record no. 184157)
[ view plain ]
| 000 -LEADER | |
|---|---|
| fixed length control field | 00969cam8a220026500 4500 |
| 001 - CONTROL NUMBER | |
| control field | qce00053844 |
| 005 - DATE AND TIME OF LATEST TRANSACTION | |
| control field | 20190830102927.0 |
| 008 - FIXED-LENGTH DATA ELEMENTS--GENERAL INFORMATION | |
| fixed length control field | 771004s1951 enkc 000 0deng |
| 010 ## - LIBRARY OF CONGRESS CONTROL NUMBER | |
| LC control number | 51006491 |
| 035 ## - SYSTEM CONTROL NUMBER | |
| System control number | (Sirsi) r111153 |
| 035 ## - SYSTEM CONTROL NUMBER | |
| System control number | (QCAT)lss01737789 |
| 035 ## - SYSTEM CONTROL NUMBER | |
| System control number | (UPRA)qce00053844 |
| 040 ## - CATALOGING SOURCE | |
| Modifying agency | UPRA |
| 043 ## - GEOGRAPHIC AREA CODE | |
| Geographic area code | e-uk-en |
| 245 00 - TITLE STATEMENT | |
| Title | Trial of Mary Queen of Scots / |
| Statement of responsibility, etc. | edited by A. Francis Steuart. |
| 250 ## - EDITION STATEMENT | |
| Edition statement | [2nd ed.]. |
| 260 ## - PUBLICATION, DISTRIBUTION, ETC. | |
| Place of publication, distribution, etc. | London : |
| Name of publisher, distributor, etc. | W. Hodge, |
| Date of publication, distribution, etc. | [1951] |
| 440 #0 - SERIES STATEMENT/ADDED ENTRY--TITLE | |
| Title | Notable British trials |
| Linkage | S11353.1 |
| 500 ## - GENERAL NOTE | |
| General note | Account of the State trial of Mary Stuart for treason. |
| 504 ## - BIBLIOGRAPHY, ETC. NOTE | |
| Bibliography, etc. note | Bibliographical notes. |
| 700 1# - ADDED ENTRY--PERSONAL NAME | |
| Personal name | Steuart, A. Francis (Archibald Francis). |
| Fuller form of name | Steuart, A. Francis (Archibald Francis). |
| Linkage | A71433.1 |
| 700 0# - ADDED ENTRY--PERSONAL NAME | |
| Personal name | Mary, Queen of Scots, 1542-1587. |
| Titles and other words associated with a name | Mary, Queen of Scots, 1542-1587. |
| Dates associated with a name | Mary, Queen of Scots, 1542-1587. |
| Linkage | A71434.1 |
| 949 ## - LOCAL PROCESSING INFORMATION (OCLC) | |
| a | K645 |
| w | lcc |
| i | 33729001724215 |
| m | MAIN |
| p | 2500 |
| t | BOOK |
| l | ON-SHELF |
No items available.